000 00165 a2200085 4500
041 _aspa
100 _aUribe, maria de la luz
245 _aDoą piǫnes
942 _cBK
999 _c11392
_d11392